| 000 | 00722nam a22002057a 4500 | ||
|---|---|---|---|
| 005 | 20170403165741.0 | ||
| 010 | _aENG-117701 | ||
| 020 |
_a9789350358603 _c995.00 |
||
| 035 | _aEN-101233 | ||
| 037 | _bDBAD/PUB | ||
| 082 | _a346.54066 | ||
| 100 | _aRamaiya,A. | ||
| 245 |
_aA Ramaiya board of directors : _cby A. Ramaiya [and] Savithri Parekh _bproviding guidance under the companies act 2013 and allied legislations / |
||
| 260 |
_aGuru Gram _bLexisNexis _c2017 |
||
| 270 |
_a14th Floor Building No.10, Tower-B, DLF Cyber City, Phase-II, _bGuru Gram _e122002 |
||
| 300 | v |
_aIvii,953p. _c24cm (Hb) |
|
| 500 | _aIncludes index | ||
| 700 | _aParekh, Savithri | ||
| 942 |
_2ddc _cEN _h346.54066 _mPAR |
||
| 999 |
_c138650 _d138650 |
||